Microeconomic theory / (Record no. 6327)

MARC details
000 -LEADER
fixed length control field 00749cam a2200229 4500
001 - CONTROL NUMBER
control field 7407
005 - DATE AND TIME OF LATEST TRANSACTION
control field 20181127183555.0
008 - FIXED-LENGTH DATA ELEMENTS--GENERAL INFORMATION
fixed length control field 950418s1995 nyua b 001 0 eng
010 ## - LIBRARY OF CONGRESS CONTROL NUMBER
LC control number 95018128
020 ## - INTERNATIONAL STANDARD BOOK NUMBER
International Standard Book Number 0195073401 (alk. paper)
International Standard Book Number 0195102681 (pbk. : alk. paper)
082 00 - DEWEY DECIMAL CLASSIFICATION NUMBER
Classification number 338.5
Edition number 20
100 2# - MAIN ENTRY--PERSONAL NAME
Personal name Mas-Colell, Andreu.
245 10 - TITLE STATEMENT
Title Microeconomic theory /
Statement of responsibility, etc. Andreu Mas-Colell, Michael D. Whinston, and Jerry R. Green.
260 ## - PUBLICATION, DISTRIBUTION, ETC.
Place of publication, distribution, etc. New York :
Name of publisher, distributor, etc. Oxford University Press,
Date of publication, distribution, etc. 1995.
300 ## - PHYSICAL DESCRIPTION
Extent xvii, 981 p. :
Other physical details ill. ;
Dimensions 26 cm.
504 ## - BIBLIOGRAPHY, ETC. NOTE
Bibliography, etc. note Includes bibliographical references and index.
650 #0 - SUBJECT ADDED ENTRY--TOPICAL TERM
Topical term or geographic name entry element Microeconomics.
700 1# - ADDED ENTRY--PERSONAL NAME
Personal name Green, Jerry R.
Personal name Whinston, Michael Dennis.
Holdings
Withdrawn status Lost status Source of classification or shelving scheme Damaged status Not for loan Collection code Home library Current library Shelving location Date acquired Serial Enumeration / chronology Inventory number Total Checkouts Full call number Barcode Date last seen Date last checked out Price effective from Koha item type
    Dewey Decimal Classification     Main TEST RTC Library RTC Library Main opac 22/08/2022 11364 2 338.5 MAS 30011120 05/09/2025 19/08/2025 27/11/2018 Main
Royal Thimphu College || All Right Reserved